000 00758nam a2200289 a 4500
003 AR-BaBNM
005 20251128210415.0
008 082120s2002 ||||||||||||||000 | spa||
020 _a84-376-0185-1
040 _cAR-BaBNM
100 1 _aUnamuno, Miguel de
245 0 0 _aSan Manuel Bueno, mártir
250 _a10ª ed.
260 _aMadrid
_bEdiciones Cátedra
_c1987
300 _a150 p.
_bil.
490 0 _aLetras hispánicas
_vv. 95
500 _aContiene referencias bibliográficas
650 4 _aLITERATURA ESPAÑOLA
650 4 _aFILOSOFIA LITERARIA
650 4 _aGUERRA CIVIL
653 _aGENERACION DE 1898
653 _aNARRATIVA
655 _aLITERATURA
700 1 _aValdés, Mario
_eeditor
942 _cBK
998 _cMARTIN
999 _c15348
_d15348